Statistics for Liga 1 Liga 2 Club Indonesia 2021

Click here to take the quiz!

General Stats

  • This quiz has been taken 35 times
  • The average score is 14 of 42

Answer Stats

LIGACLUB% Correct
Persija
100%
Persib
90%
Persebaya
74%
Persipura
74%
Persik
71%
PSIS
68%
LIGA 1Arema FC
61%
Persela
61%
Persita
58%
PSM
58%
Persis
52%
Persiraja
48%
Bali United FC
45%
Bhayangkara FC
39%
Sriwijaya FC
39%
Barito Putera
32%
PSIM
32%
Madura United FC
29%
PSMS
29%
Kalteng Putra
26%
Persiba
26%
RANS Cilegon FC
26%
PSPS
23%
Borneo Samarinda
19%
Dewa United FC
19%
Persikabo 1973
19%
PS Sleman
19%
Semen Padang FC
19%
Badak Lampung FC
16%
Persekat
16%
PSCS
13%
Sulut United
13%
LIGA 2AHHA PS Pati FC
10%
Muba Babel United
10%
Persijap
10%
PSKC
10%
Hizbul Wathan FC
6%
Perserang
6%
PSBS
6%
KS Tiga Naga
3%
Persewar
3%
PS Mitra Kukar
3%

Score Distribution

Percentile by Number Answered

Percent of People with Each Score

Your Score History

You have not taken this quiz